000 00637nam a2200217Ia 4500
005 20250508165444.0
008 008 250505s9999 xx 000 0 eng d
037 _aTextBook
040 _aFEDL
_beng
_cFEDL
041 _aeng
_2eng
084 _a418.007 1, TOM/R
_qFEDL
100 _aTomlinson Brian Ed.
_934952
245 0 _aMaterials development in language teaching
250 _a2
260 _aDelhi, India
_bCambridge University Press
_c2011
300 _axix, 451p.
365 _aINR
_b2935
490 _aCambridge Language Teaching Library
942 _cTB
_h418.007 1, TOM/R
999 _c1395192
_d1395192